| 000 | 00823cam a2200229 a 4500 | ||
|---|---|---|---|
| 008 | |||
| 049 | _aMAIN | ||
| 090 |
_aK4240 _bHON |
||
| 100 | _aHondora, Tawanda. | ||
| 245 | 0 | 0 |
_aMedia laws in Zimbabwe : _ba constitutional and comparative analysis of Zimbabwean laws that infringe media freedom / _cTawanda Hondora. |
| 260 |
_aHarare : _bKonrad Adeauer Foundation, _cc[ ]. |
||
| 300 |
_a156 p. ; _c24 cm. |
||
| 504 | _aIncludes bibliographical references. | ||
| 650 | 0 |
_aMass media _xPolitical aspects _zAfrica _vCongresses. |
|
| 650 | 0 |
_aDemocracy _zZimbabwe _vCongresses. |
|
| 651 | 0 |
_aZimbabwe _xLaws and government _y1960- _vCongresses. |
|
| 907 |
_a.b10321019 _b06-11-13 _c19-10-12 |
||
| 003 | |||
| 005 | 20230123125459.0 | ||
| 040 | _cNUST | ||
| 942 |
_cBOOKS _kK4240 _mHON |
||
| 999 |
_c142255 _d142255 |
||